[Event "Turkey IS Bank Super League 2017"]
[Site "Darica-Kocaeli"]
[Date "2017.07.28"]
[Round "3"]
[White "Yaran, Siar"]
[Black "Uzumcu, Ahmet Utku"]
[Result "0-1"]
[WhiteElo "2253"]
[BlackElo "2223"]
[Annotator "NA"]
[PlyCount "160"]
[EventType "team-tourn"]
[EventCountry "TUR"]
[SourceTitle "playchess.com"]
[Source "ChessBase"]
[SourceQuality "1"]
[TimeControl "40/5400+30:1800+30"]

1. c4 {[%emt 0:00:30]} Nf6 {[%emt 0:01:00]} 2. Nc3 {[%emt 0:00:30]} d5 {[%emt 0:00:30]} 3. cxd5 {[%emt 0:00:30]} Nxd5 {[%emt 0:00:30]} 4. g3 {[%emt 0:02:30]} Nb6 {[%emt 0:01:30]} 5. Bg2 {[%emt 0:00:30]} g6 {[%emt 0:00:30]} 6. d3 {[%emt 0:00:30]} Bg7 {[%emt 0:00:00]} 7. Be3 {[%emt 0:00:30]} Nc6 {[%emt 0:00:00]} 8. Bxc6+ {[%emt 0:00:30]} bxc6 {[%emt 0:00:30]} 9. Qc1 {[%emt 0:00:00]} h6 {[%emt 0:00:00]} 10. Nf3 {[%emt 0:00:00]} Bh3 {[%emt 0:00:00]} 11. Rg1 {[%emt 0:00:00]} Bg4 {[%emt 0:01:30]} 12. Nd2 {[%emt 0:01:00]} h5 {[%emt 0:02:30]} 13. Nb3 {[%emt 0:07:30]} a5 {[%emt 0:02:30]} 14. Nc5 {[%emt 0:12:30]} O-O {[%emt 0:03:30]} 15. Bh6 {[%emt 0:02:30]} Bxh6 {[%emt 0:02:30]} 16. Qxh6 {[%emt 0:01:30]} Qd4 {[%emt 0:00:30]} 17. N5e4 $14 {[%emt 0:04:30]} Nd5 {[%emt 0:02:30]} 18. h3 {[%emt 0:15:30]} Bf5 {[%emt 0:09:30]} 19. Ng5 {[%emt 0:06:30]} Qg7 {[%emt 0:00:00]} 20. Qxg7+ {[%emt 0:04:30]} Kxg7 {[%emt 0:00:00]} 21. g4 {[%emt 0:00:30]} hxg4 {[%emt 0:00:30]} 22. hxg4 {[%emt 0:00:30]} Bd7 {[%emt 0:00:30]} 23. Na4 {[%emt 0:02:30]} Rh8 {[%emt 0:05:30]} 24. Nf3 {[%emt 0:00:30]} Nf4 {[%emt 0:04:30]} 25. Rc1 {[%emt 0:02:30]} Be6 {[%emt 0:05:30]} 26. Nd4 {[%emt 0:14:36] [%clk 0:17.39]} Bxa2 {[%emt 0:06:30]} 27. Rxc6 {[%emt 0:03:08]} Rab8 {[%emt 0:07:30]} 28. Rc3 {[%emt 0:04:57]} Rb4 {[%emt 0:08:30]} 29. Ra3 {[%emt 0:00:02]} Bd5 {[%emt 0:00:30]} 30. Nc2 {[%emt 0:01:11]} Nh3 {[%emt 0:04:30]} 31. Rg3 {[%emt 0:00:43]} Rxa4 {[%emt 0:00:30]} 32. Rxa4 {[%emt 0:00:06]} Bb3 {[%emt 0:00:00]} 33. Rxa5 {[%emt 0:02:37]} Bxc2 {[%emt 0:00:00]} 34. Ra3 {[%emt 0:00:00]} Bb1 {[%emt 0:05:30]} 35. Kd2 {[%emt 0:08:25]} Nxf2 {[%emt 0:01:30]} 36. Ra1 {[%emt 0:01:00]} Rh1 {[%emt 0:01:30]} 37. Rg2 {[%emt 0:01:20]} Nh3 {[%emt 0:02:30]} 38. e3 {[%emt 0:00:36]} Rf1 {[%emt 0:00:30]} 39. Re2 {[%emt 0:01:40]} Ng1 {[%emt 0:00:30]} 40. Rg2 {[%emt 0:00:00]} Nf3+ {[%emt 0:01:30]} 41. Kc3 {[%emt 0:02:39]} Rc1+ {[%emt 0:01:30]} 42. Kb4 {[%emt 0:00:30]} Rd1 {[%emt 0:01:30]} 43. Re2 {[%emt 0:14:10]} Ne1 {[%emt 0:02:30]} 44. Kc3 {[%emt 0:00:32]} Rxd3+ {[%emt 0:01:30]} 45. Kc4 {[%emt 0:00:06]} Rd1 {[%emt 0:00:30]} 46. Kc3 {[%emt 0:00:08]} Nf3 {[%emt 0:02:30]} 47. b3 {[%emt 0:00:33]} Bc2 {[%emt 0:01:30]} 48. Rxd1 {[%emt 0:00:50]} Bxd1 {[%emt 0:00:30]} 49. Ra2 {[%emt 0:00:00]} Ne5 {[%emt 0:00:00]} 50. Ra7 {[%emt 0:01:21]} c6 {[%emt 0:02:00]} 51. g5 {[%emt 0:00:04]} e6 {[%emt 0:00:30]} 52. Rc7 {[%emt 0:00:43]} Kf8 {[%emt 0:01:30]} 53. b4 {[%emt 0:02:12]} Ba4 {[%emt 0:00:30]} 54. Rc8+ {[%emt 0:07:23]} Ke7 {[%emt 0:01:30]} 55. Rc7+ {[%emt 0:00:04]} Kd6 {[%emt 0:00:30]} 56. Ra7 {[%emt 0:00:03]} Bb5 {[%emt 0:00:30]} 57. e4 {[%emt 0:00:08]} Bf1 {[%emt 0:00:30]} 58. Kd4 {[%emt 0:00:48]} Bb5 {[%emt 0:05:30]} 59. Ke3 {[%emt 0:01:11]} Nd7 {[%emt 0:00:00]} 60. Kd4 {[%emt 0:00:33]} e5+ {[%emt 0:01:00]} 61. Ke3 {[%emt 0:00:01]} Bc4 {[%emt 0:00:30]} 62. Kd2 {[%emt 0:00:51]} Ke6 {[%emt 0:00:30]} 63. Rc7 {[%emt 0:00:36]} Bb5 {[%emt 0:00:30]} 64. Ke3 {[%emt 0:00:00]} Nb8 {[%emt 0:00:30]} 65. Rc8 {[%emt 0:02:42]} Na6 {[%emt 0:00:30]} 66. Re8+ {[%emt 0:00:30]} Kd6 {[%emt 0:00:30]} 67. Rd8+ {[%emt 0:00:06]} Ke7 {[%emt 0:00:00]} 68. Ra8 {[%emt 0:00:17]} Nxb4 {[%emt 0:00:00]} 69. Ra7+ {[%emt 0:00:00]} Ke6 {[%emt 0:00:30]} 70. Rb7 {[%emt 0:00:07]} Nc2+ {[%emt 0:00:30]} 71. Kd2 {[%emt 0:00:55]} Nd4 {[%emt 0:00:30]} 72. Ke3 {[%emt 0:00:00]} c5 {[%emt 0:00:00]} 73. Rb6+ {[%emt 0:00:00]} Bc6 {[%emt 0:00:00]} 74. Ra6 {[%emt 0:00:34]} Kd6 {[%emt 0:00:30]} 75. Ra7 {[%emt 0:00:00]} Bd7 {[%emt 0:00:30]} 76. Ra6+ {[%emt 0:00:16]} Ke7 {[%emt 0:00:00]} 77. Ra5 {[%emt 0:00:22]} Ne6 {[%emt 0:00:00]} 78. Kd3 {[%emt 0:00:09]} Kd6 {[%emt 0:00:00]} 79. Ra6+ {[%emt 0:00:30]} Bc6 {[%emt 0:00:00]} 80. Ra7 {[%emt 0:00:30]} Nxg5 {[%emt 0:00:30]} 0-1

[Event "Turkey IS Bank Super League 2017"]
[Site "Darica-Kocaeli"]
[Date "2017.07.28"]
[Round "3"]
[White "Kesgin, Halit Kaan"]
[Black "Dolgun, Can"]
[Result "1-0"]
[WhiteElo "2207"]
[BlackElo "2104"]
[Annotator "NA"]
[PlyCount "103"]
[EventType "team-tourn"]
[EventCountry "TUR"]
[SourceTitle "playchess.com"]
[Source "ChessBase"]
[SourceQuality "1"]
[TimeControl "40/5400+30:1800+30"]

1. e4 {[%emt 0:00:30]} c5 {[%emt 0:01:00]} 2. Nf3 {[%emt 0:00:30]} d6 {[%emt 0:00:30]} 3. Bb5+ {[%emt 0:00:30]} Nd7 {[%emt 0:00:30]} 4. d4 {[%emt 0:00:30]} cxd4 {[%emt 0:00:30]} 5. Qxd4 {[%emt 0:00:30]} a6 {[%emt 0:00:30]} 6. Bxd7+ {[%emt 0:00:30]} Bxd7 {[%emt 0:00:30]} 7. c4 {[%emt 0:00:00]} e5 {[%emt 0:00:00]} 8. Qd3 {[%emt 0:00:00]} b5 {[%emt 0:03:00]} 9. Nc3 {[%emt 0:03:30]} bxc4 {[%emt 0:03:30]} 10. Qxc4 {[%emt 0:00:30]} Be6 {[%emt 0:03:30]} 11. Qc6+ {[%emt 0:00:30]} Bd7 {[%emt 0:01:30]} 12. Qc4 {[%emt 0:00:30]} Be6 {[%emt 0:00:30]} 13. Qd3 {[%emt 0:00:00]} h6 {[%emt 0:02:30]} 14. O-O {[%emt 0:01:00]} Nf6 {[%emt 0:01:30]} 15. Rd1 {[%emt 0:03:30]} Be7 {[%emt 0:02:30]} 16. Ne1 {[%emt 0:02:30]} O-O $11 {[%emt 0:17:30]} 17. Nc2 {[%emt 0:01:30]} Qb8 {[%emt 0:25:30]} 18. Ne3 {[%emt 0:04:30]} Rc8 {[%emt 0:01:30]} 19. b3 {[%emt 0:17:30]} Ra7 {[%emt 0:20:41] [%clk 0:12.49]} 20. Bd2 {[%emt 0:18:30]} Rac7 {[%emt 0:03:38]} 21. Rac1 {[%emt 0:05:30]} Qa8 {[%emt 0:00:34]} 22. f3 {[%emt 0:01:30]} Qa7 {[%emt 0:07:14]} 23. g3 {[%emt 0:07:30]} Rc6 {[%emt 0:01:46]} 24. Kg2 {[%emt 0:00:30]} Bd8 {[%emt 0:00:36]} 25. Ncd5 {[%emt 0:05:30]} Nxd5 {[%emt 0:00:53]} 26. Rxc6 {[%emt 0:02:30]} Nf4+ {[%emt 0:01:02]} 27. gxf4 {[%emt 0:01:30]} Rxc6 {[%emt 0:00:04]} 28. f5 {[%emt 0:00:30]} Bc8 {[%emt 0:00:50]} 29. Nd5 {[%emt 0:02:30]} a5 {[%emt 0:00:11]} 30. Be3 {[%emt 0:01:46]} Qd7 {[%emt 0:00:14]} 31. Qd2 {[%emt 0:00:45]} f6 {[%emt 0:01:02]} 32. Kh1 {[%emt 0:00:44]} Ba6 {[%emt 0:00:33]} 33. Rg1 {[%emt 0:01:04]} g5 {[%emt 0:00:40]} 34. fxg6 {[%emt 0:03:13]} Qh3 {[%emt 0:00:01]} 35. Ne7+ {[%emt 0:00:52]} Kf8 {[%emt 0:00:56]} 36. g7+ {[%emt 0:00:30]} Kxe7 {[%emt 0:00:06]} 37. g8=Q {[%emt 0:00:21]} Qxf3+ {[%emt 0:00:30]} 38. Qgg2 {[%emt 0:00:00]} Qxg2+ {[%emt 0:00:23]} 39. Rxg2 {[%emt 0:00:05]} Kd7 {[%emt 0:00:00]} 40. Rg7+ {[%emt 0:00:15]} Kc8 {[%emt 0:00:06]} 41. Qd5 {[%emt 0:00:25]} Bb7 {[%emt 0:01:30]} 42. Qf7 {[%emt 0:01:30]} Rc7 {[%emt 0:00:00]} 43. Qe6+ {[%emt 0:00:30]} Kb8 {[%emt 0:00:00]} 44. Rxc7 {[%emt 0:00:30]} Bxe4+ {[%emt 0:00:30]} 45. Kg1 {[%emt 0:00:00]} Bxc7 {[%emt 0:00:00]} 46. Qe8+ {[%emt 0:00:00]} Kb7 {[%emt 0:00:00]} 47. Qb5+ {[%emt 0:00:30]} Kc8 {[%emt 0:00:30]} 48. Bb6 {[%emt 0:00:00]} Bxb6+ {[%emt 0:00:30]} 49. Qxb6 {[%emt 0:00:00]} a4 {[%emt 0:00:30]} 50. bxa4 {[%emt 0:00:00]} Bb7 {[%emt 0:00:30]} 51. a5 {[%emt 0:00:00]} d5 {[%emt 0:00:30]} 52. a6 {[%emt 0:00:00]} 1-0

[Event "Turkey IS Bank Super League 2017"]
[Site "Darica-Kocaeli"]
[Date "2017.07.28"]
[Round "3"]
[White "Tofan, Ibrahim"]
[Black "Esen, Baris"]
[Result "1-0"]
[WhiteElo "2194"]
[BlackElo "2528"]
[Annotator "TA"]
[PlyCount "83"]
[EventType "team-tourn"]
[EventCountry "TUR"]
[SourceTitle "playchess.com"]
[Source "ChessBase"]
[SourceQuality "1"]

{[%evp 9,83,19,25,21,43,43,39,20,39,33,52,39,45,52,140,162,168,167,172,160,171,158,215,219,214,228,355,341,343,335,507,493,497,487,498,480,467,492,484,479,475,367,456,180,512,509,549,475,654,616,647,594,29997,646,642,623,683,666,659,656,643,606,663,643,635,612,611,550,538,525,644,421,458,453,720,697]} 1. e4 g6 2. Nc3 Bg7 3. g3 e6 (3... c5 4. Bg2 Nc6 5. d3 d6 6. Be3 e5 7. Nh3 Nge7 8. f4 Nd4 9. O-O Bd7 10. Rf2 f6 11. Qf1 O-O 12. Re1 Qa5 13. a3 Kh8 14. Kh1 Rae8 15. Bc1 Qc7 16. Nd1 Be6 17. Ne3 {½-½ (54) McShane,L (2687)-Hillarp Persson,T (2539) Reykjavik 2015}) 4. Bg2 Ne7 5. Nge2 d5 6. d4 {B06: Modern Defence} dxe4 $146 ({Predecessor:} 6... c6 7. h4 h5 8. Bg5 Nd7 9. Qd2 Nf6 10. O-O-O dxe4 11. Nxe4 Nxe4 12. Bxe4 {1-0 (41) Popescu,D (2305)-Suta,M (2235) Odorheiu Secuiesc 1993}) 7. Nxe4 Nbc6 8. c3 {White is slightly better.} h6 9. O-O b6 10. b4 {[%cal Bb2b4,Bb4b5][%mdl 32]} Rb8 11. a4 $36 {[%mdl 2048] White is pushing.} e5 ({Black should try} 11... O-O $14) 12. b5 $16 Na5 13. dxe5 Qxd1 14. Rxd1 Bxe5 15. Bf4 Bxf4 {[#]} (15... f6 $16 {keeps fighting.}) 16. Nf6+ $1 $18 ({Weaker is} 16. gxf4 Nf5 $14) ({Much less strong is} 16. Nxf4 Ng8) 16... Kf8 17. Nxf4 Nf5 (17... Kg7 {was called for.}) 18. Rd8+ Kg7 {[#]} 19. Ne8+ $1 Kh7 (19... Rxe8 $142 20. Rxe8 Nd6) 20. Nd5 {[%cal Rd5f6]} h5 21. Ndxc7 Nb3 22. Rad1 Nc5 23. Nf6+ Kg7 {Black wants to play ...Rxd8.} 24. Rxh8 Kxh8 25. Rd8+ Kg7 26. Nfe8+ $2 (26. Ncd5 Nd6 27. Rxd6) 26... Kh6 $2 (26... Kf8 {is tougher.}) 27. c4 Kh7 28. Bd5 Nd4 29. f4 Nd3 {And now ...Bh3! would win.} 30. Nf6+ Kh6 {aiming for ...Bh3!} 31. Nd7 (31. Rh8+ $142 Kg7 32. Rh7+ Kxf6 33. Rxf7#) 31... Bxd7 {White is clearly winning.} 32. Rxb8 Bh3 {( -> ...Ne2+)} 33. Bg2 Bg4 34. Rd8 Ne2+ 35. Kf1 Nc5 36. h3 Nxg3+ 37. Kf2 Nge4+ 38. Bxe4 Nxe4+ 39. Kg2 Bf5 40. Rh8+ Kg7 41. Ra8 Nd2 (41... Nd6 $142 42. Rxa7 Nxc4) 42. Ne8+ {Precision: White = 74%, Black = 38%.} 1-0

[Event "Turkey IS Bank Super League 2017"]
[Site "Darica-Kocaeli"]
[Date "2017.07.28"]
[Round "3"]
[White "Topak, Engin"]
[Black "Benidze, Davit"]
[Result "0-1"]
[WhiteElo "2192"]
[BlackElo "2515"]
[Annotator "TA"]
[PlyCount "92"]
[EventType "team-tourn"]
[EventCountry "TUR"]
[SourceTitle "playchess.com"]
[Source "ChessBase"]
[SourceQuality "1"]

{[%evp 23,92,35,65,17,19,26,22,13,29,27,39,0,3,0,26,0,66,42,49,29,38,16,18,12,37,0,0,-22,0,0,-2,-85,-92,-77,-70,-110,-64,-101,-77,-175,-189,-221,-227,-193,-156,-139,-138,-143,-18,-147,-160,-331,-329,-481,-418,-29977,-440,-29978,-29979,-29989,-29990,-29990,-29991,-29991,-29992,-29993,-29993,-29993,-29994,-29994,-29995]} 1. d4 Nf6 2. c4 c5 3. d5 e6 4. Nc3 exd5 5. cxd5 d6 6. e4 g6 7. Nf3 Bg7 8. Nd2 O-O 9. Be2 Re8 10. O-O Na6 11. f3 Nc7 12. a4 b6 13. Nb5 {A79: Modern Benoni: Classical: 9...Re8 10 Nd2 Na6 11 f3} (13. Kh1 Rb8 14. Nc4 Ba6 15. Bg5 Bxc4 16. Bxc4 a6 17. Qd2 b5 18. axb5 axb5 19. Be2 b4 20. Nd1 Nb5 21. Bxb5 Rxb5 22. Qf4 Nh5 {0-1 (56) Vidit,S (2673)-Indjic,A (2560) Moscow 2017}) 13... a6 14. Nxc7 Qxc7 15. Nc4 {The position is equal.} Nd7 $146 ({Predecessor:} 15... Bb7 16. Bf4 Rad8 17. Qc2 b5 18. axb5 axb5 19. Nxd6 Rxd6 20. Bxb5 Rb8 {0-1 (43) Niephaus,W-Bialas,W Nuremberg 1959}) 16. Bd2 Ne5 17. Bc3 f5 18. exf5 Bxf5 19. Re1 Nf7 (19... Bd7 $11) 20. Bxg7 $14 Kxg7 21. Qb3 Rab8 22. Ne3 Bc8 $1 23. Qc3+ Kg8 24. f4 (24. Nd1 $14) 24... Nh6 $11 25. Bf3 b5 26. axb5 axb5 27. Qf6 {[#]} (27. b4 $11 {keeps the balance.}) 27... Rf8 $1 $17 {[%cal Rf8f6]} 28. Qh4 {[#]} Qg7 $1 29. b3 Bf5 30. Qf2 Rbe8 31. g3 (31. Qd2 $17) 31... Qc3 $19 32. Nxf5 Nxf5 33. Bg4 Rxe1+ 34. Rxe1 Qxb3 35. Bxf5 gxf5 {[%mdl 4096] Endgame KQR-KQR} (35... Rxf5 $17 36. Qe2 Qc3 37. Qe8+ Rf8 38. Qe6+ Kg7) 36. Qd2 (36. Qe2 $11 {was the only way to keep the balance.}) 36... b4 $17 {[%cal Bb5b4,Bb4b3][%mdl 32]} 37. Kg2 $2 (37. Re7 $17 {keeps fighting.}) 37... Ra8 $19 {White must now prevent ...Ra2.} 38. Kh3 (38. Kg1 $142) 38... Qf3 {Hoping for ...b3.} 39. Re7 (39. Qc2 $19 Qxd5 40. Qe2) 39... Qh5+ 40. Kg2 b3 {Black mates.} 41. Qc3 Ra2+ 42. Kf1 Qd1+ 43. Re1 Qxd5 {[%cal Rd5h1]} 44. Re8+ Kf7 {[%cal Rd5h1]} 45. Rf8+ Kxf8 {[%cal Rd5h1]} 46. Qh8+ Ke7 {Precision: White = 31%, Black = 62%.} 0-1

[Event "Turkey IS Bank Super League 2017"]
[Site "Darica-Kocaeli"]
[Date "2017.07.28"]
[Round "3"]
[White "Yelken, Mustafa"]
[Black "Kiremitciyan, Ari"]
[Result "1/2-1/2"]
[WhiteElo "2171"]
[BlackElo "2240"]
[Annotator "NA"]
[PlyCount "190"]
[EventType "team-tourn"]
[EventCountry "TUR"]
[SourceTitle "playchess.com"]
[Source "ChessBase"]
[SourceQuality "1"]
[TimeControl "40/5400+30:1800+30"]

1. e4 {[%emt 0:00:30]} d6 {[%emt 0:01:00]} 2. d4 {[%emt 0:00:30]} Nf6 {[%emt 0:00:30]} 3. Nc3 {[%emt 0:00:30]} e5 {[%emt 0:00:30]} 4. Nf3 {[%emt 0:00:30]} Nbd7 {[%emt 0:00:00]} 5. Bc4 {[%emt 0:01:30]} Be7 {[%emt 0:00:00]} 6. O-O {[%emt 0:00:30]} O-O {[%emt 0:00:00]} 7. Re1 {[%emt 0:00:30]} c6 {[%emt 0:00:00]} 8. a4 {[%emt 0:00:30]} a5 {[%emt 0:00:30]} 9. b3 {[%emt 0:00:30]} Nb6 {[%emt 0:02:30]} 10. Bf1 {[%emt 0:01:30]} exd4 {[%emt 0:00:00]} 11. Qxd4 {[%emt 0:02:30]} d5 {[%emt 0:01:00]} 12. Bb2 {[%emt 0:03:30]} dxe4 {[%emt 0:13:30]} 13. Nxe4 {[%emt 0:02:30]} Qxd4 {[%emt 0:21:30]} 14. Bxd4 $14 {[%emt 0:01:30]} Nbd5 {[%emt 0:03:30]} 15. Nxf6+ {[%emt 0:07:30]} Bxf6 {[%emt 0:00:30]} 16. Bc4 {[%emt 0:06:30]} Bxd4 {[%emt 0:07:30]} 17. Nxd4 {[%emt 0:00:30]} Nb6 {[%emt 0:00:30]} 18. Re7 {[%emt 0:11:30]} Bd7 {[%emt 0:04:30]} 19. Rae1 {[%emt 0:13:30]} Rad8 {[%emt 0:03:30]} 20. R7e5 {[%emt 0:13:30] [%clk 0:30]} Rfe8 {[%emt 0:19:30]} 21. Kf1 {[%emt 0:01:30]} Rxe5 {[%emt 0:01:12]} 22. Rxe5 {[%emt 0:00:00]} Nxc4 {[%emt 0:00:54]} 23. bxc4 {[%emt 0:00:00]} b6 {[%emt 0:00:14]} 24. c5 {[%emt 0:13:15]} f6 {[%emt 0:00:07]} 25. Re7 {[%emt 0:00:58]} Kf8 {[%emt 0:05:06]} 26. Re3 {[%emt 0:00:03]} bxc5 {[%emt 0:00:35]} 27. Nb3 {[%emt 0:02:46]} c4 {[%emt 0:08:04]} 28. Nxa5 {[%emt 0:00:56]} Ra8 {[%emt 0:00:08]} 29. Nxc4 {[%emt 0:02:39]} Rxa4 {[%emt 0:00:07]} 30. Nb6 {[%emt 0:04:58]} Ra1+ {[%emt 0:02:45]} 31. Ke2 {[%emt 0:00:04]} Be8 {[%emt 0:00:05]} 32. Rc3 {[%emt 0:02:26]} Ke7 {[%emt 0:01:34]} 33. Nc4 {[%emt 0:00:02]} Bh5+ {[%emt 0:01:53]} 34. f3 {[%emt 0:01:18]} Bg6 {[%emt 0:00:28]} 35. Ne3 {[%emt 0:00:16]} Kd6 {[%emt 0:00:22]} 36. Rb3 {[%emt 0:00:33]} Kc7 {[%emt 0:00:30]} 37. Rc3 {[%emt 0:00:27]} Kd6 {[%emt 0:00:15]} 38. Nc4+ {[%emt 0:01:28]} Kc7 {[%emt 0:01:04]} 39. Ne3 {[%emt 0:00:35]} Kd6 {[%emt 0:00:18]} 40. Rb3 {[%emt 0:02:06]} Kc7 {[%emt 0:00:19]} 41. h3 {[%emt 0:07:10]} Ra2 {[%emt 0:07:30]} 42. Kd2 {[%emt 0:00:30]} Ra1 {[%emt 0:00:00]} 43. Rb4 {[%emt 0:00:30]} h5 {[%emt 0:03:00]} 44. Rc4 {[%emt 0:00:30]} Kd6 {[%emt 0:01:30]} 45. Rd4+ {[%emt 0:00:30]} Kc7 {[%emt 0:00:00]} 46. Rb4 {[%emt 0:03:30]} Ra3 {[%emt 0:02:00]} 47. Rc4 {[%emt 0:01:30]} Kd6 {[%emt 0:01:30]} 48. Rf4 {[%emt 0:06:22]} Ra1 {[%emt 0:01:30]} 49. Rb4 {[%emt 0:01:44]} Kc7 {[%emt 0:00:30]} 50. Rh4 {[%emt 0:00:14]} Ra5 {[%emt 0:03:00]} 51. Rc4 {[%emt 0:00:34]} Kd7 {[%emt 0:02:27]} 52. Rb4 {[%emt 0:01:00]} Kc7 {[%emt 0:00:34]} 53. Rb1 {[%emt 0:00:08]} Ra2 {[%emt 0:00:28]} 54. Rg1 {[%emt 0:00:31]} Ra4 {[%emt 0:01:53]} 55. g4 {[%emt 0:01:33]} hxg4 {[%emt 0:00:30]} 56. hxg4 {[%emt 0:00:00]} Rd4+ {[%emt 0:01:05]} 57. Ke2 {[%emt 0:00:02]} Ra4 {[%emt 0:00:49]} 58. Rh1 {[%emt 0:01:17]} Ra8 {[%emt 0:00:13]} 59. Kd2 {[%emt 0:00:43]} Rd8+ {[%emt 0:00:20]} 60. Kc3 {[%emt 0:00:36]} Re8 {[%emt 0:00:14]} 61. Kd2 {[%emt 0:00:41]} Rd8+ {[%emt 0:00:30]} 62. Ke2 {[%emt 0:00:00]} Re8 {[%emt 0:00:39]} 63. Kf2 {[%emt 0:00:00]} Rd8 {[%emt 0:00:17]} 64. Ke2 {[%emt 0:05:50]} Re8 {[%emt 0:00:39]} 65. Ra1 {[%emt 0:00:16]} Kb7 {[%emt 0:00:00]} 66. Kd2 {[%emt 0:01:49]} Rh8 {[%emt 0:00:47]} 67. Nf5 {[%emt 0:01:19]} Rh2+ {[%emt 0:06:57]} 68. Ke3 {[%emt 0:00:01]} Bxf5 {[%emt 0:00:27]} 69. gxf5 {[%emt 0:00:01]} Rg2 {[%emt 0:00:00]} 70. f4 {[%emt 0:05:47]} Kb6 {[%emt 0:04:10]} 71. Rc1 {[%emt 0:02:24]} Kc5 {[%emt 0:01:09]} 72. Kf3 {[%emt 0:00:30]} Rh2 {[%emt 0:00:00]} 73. Rg1 {[%emt 0:00:07]} Rxc2 {[%emt 0:04:53]} 74. Rxg7 {[%emt 0:00:30]} Rd2 {[%emt 0:00:00]} 75. Rf7 {[%emt 0:01:05]} Rd6 {[%emt 0:00:00]} 76. Ke4 {[%emt 0:00:38]} Kb5 {[%emt 0:00:44]} 77. Re7 {[%emt 0:00:06]} c5 {[%emt 0:01:08]} 78. Re6 {[%emt 0:00:01]} Kc6 {[%emt 0:00:00]} 79. Re8 {[%emt 0:00:39]} c4 {[%emt 0:00:38]} 80. Re6 {[%emt 0:00:35]} c3 {[%emt 0:00:56]} 81. Rxd6+ {[%emt 0:00:37]} Kxd6 {[%emt 0:00:35]} 82. Kd3 {[%emt 0:00:00]} Kd5 {[%emt 0:00:00]} 83. Kxc3 {[%emt 0:00:02]} Ke4 {[%emt 0:00:03]} 84. Kd2 {[%emt 0:00:15]} Kf3 {[%emt 0:01:50]} 85. Ke1 {[%emt 0:00:13]} Kxf4 {[%emt 0:00:58]} 86. Kf2 {[%emt 0:00:05]} Kxf5 {[%emt 0:00:00]} 87. Kf3 {[%emt 0:00:02]} Ke5 {[%emt 0:00:10]} 88. Ke3 {[%emt 0:00:02]} f5 {[%emt 0:00:04]} 89. Kf3 {[%emt 0:00:09]} f4 {[%emt 0:00:06]} 90. Kf2 {[%emt 0:00:05]} Ke4 {[%emt 0:00:05]} 91. Ke2 {[%emt 0:00:09]} f3+ {[%emt 0:00:11]} 92. Kf2 {[%emt 0:00:01]} Kf4 {[%emt 0:00:09]} 93. Kf1 {[%emt 0:00:04]} Ke3 {[%emt 0:00:04]} 94. Ke1 {[%emt 0:00:02]} f2+ {[%emt 0:00:09]} 95. Kf1 {[%emt 0:00:01]} Kf3 {[%emt 0:00:37]} 1/2-1/2

[Event "Turkey IS Bank Super League 2017"]
[Site "Darica-Kocaeli"]
[Date "2017.07.28"]
[Round "3"]
[White "Bozbey, Ali"]
[Black "Sevgi, Volkan"]
[Result "0-1"]
[WhiteElo "2139"]
[BlackElo "2199"]
[Annotator "NA"]
[PlyCount "70"]
[EventType "team-tourn"]
[EventCountry "TUR"]
[SourceTitle "playchess.com"]
[Source "ChessBase"]
[SourceQuality "1"]
[TimeControl "40/5400+30:1800+30"]

1. e4 {[%emt 0:00:30]} c5 {[%emt 0:01:00]} 2. Nc3 {[%emt 0:00:30]} e6 {[%emt 0:00:30]} 3. g3 {[%emt 0:00:30]} d5 {[%emt 0:00:00]} 4. exd5 {[%emt 0:03:30]} exd5 {[%emt 0:00:00]} 5. d4 {[%emt 0:00:30]} Nc6 {[%emt 0:01:30]} 6. dxc5 {[%emt 0:06:30]} Nf6 $11 {[%emt 0:09:30]} 7. Bg5 {[%emt 0:15:30]} Bxc5 {[%emt 0:05:30]} 8. Qe2+ {[%emt 0:01:30]} Be6 {[%emt 0:00:00]} 9. Bh3 {[%emt 0:18:30]} Nd4 {[%emt 0:02:00]} 10. Qd3 {[%emt 0:01:30]} O-O {[%emt 0:05:30]} 11. O-O-O {[%emt 0:02:30]} Nc6 {[%emt 0:10:30]} 12. Qf3 {[%emt 0:05:30]} Bd4 {[%emt 0:04:30]} 13. Bxf6 {[%emt 0:16:30]} Bxf6 {[%emt 0:00:30]} 14. Nxd5 {[%emt 0:00:30]} Bxd5 {[%emt 0:00:30]} 15. Qxd5 {[%emt 0:00:00]} Qb6 {[%emt 0:00:00]} 16. Qb3 {[%emt 0:00:00]} Qc5 {[%emt 0:09:00]} 17. Qd5 {[%emt 0:07:23]} Qxf2 {[%emt 0:01:30] 7 [%clk 0:44:0]} 18. Qf3 {[%emt 0:00:54]} Qc5 {[%emt 0:08:30]} 19. Kb1 {[%emt 0:08:12]} Ne5 {[%emt 0:00:30]} 20. Qc3 {[%emt 0:01:56]} Qb6 {[%emt 0:02:30]} 21. Qb3 {[%emt 0:00:30]} Qc6 {[%emt 0:00:30]} 22. Ne2 {[%emt 0:00:02]} Nc4 {[%emt 0:00:00]} 23. Rhf1 {[%emt 0:01:28]} Rad8 {[%emt 0:01:00]} 24. Bd7 {[%emt 0:05:14]} Qc7 {[%emt 0:06:30]} 25. Bb5 {[%emt 0:01:54]} Nd2+ {[%emt 0:00:30]} 26. Rxd2 {[%emt 0:00:04]} Rxd2 {[%emt 0:00:30]} 27. Nf4 {[%emt 0:00:36]} Qe5 {[%emt 0:00:30]} 28. Bd3 {[%emt 0:00:35]} Rf2 {[%emt 0:02:30]} 29. Rd1 {[%emt 0:00:12]} Rxh2 {[%emt 0:00:30]} 30. a3 {[%emt 0:00:23]} Rd8 {[%emt 0:00:30]} 31. Qb4 {[%emt 0:00:56]} g5 {[%emt 0:00:30]} 32. Re1 {[%emt 0:00:58]} a5 {[%emt 0:01:30]} 33. Rxe5 {[%emt 0:00:53]} axb4 {[%emt 0:00:00]} 34. Rf5 {[%emt 0:00:00]} gxf4 {[%emt 0:01:00]} 35. Rxf6 {[%emt 0:00:25]} b3 {[%emt 0:00:00]} 0-1